[Event "Prague op-A 15th"]
[Site "Prague"]
[Date "2016.01.09"]
[Round "2"]
[White "Gavrilov, Alexei"]
[Black "Sindler, Michal"]
[Result "1-0"]
[WhiteElo "2425"]
[BlackElo "2196"]
[PlyCount "151"]
[EventDate "2016.01.08"]
[EventType "swiss"]
[EventRounds "9"]
[EventCountry "CZE"]
[SourceTitle "CBM 170 Extra"]
[Source "ChessBase"]
[SourceDate "2016.02.25"]
[SourceVersion "1"]
[SourceVersionDate "2016.02.25"]
[SourceQuality "1"]

1. d4 Nf6 2. c4 g6 3. Nc3 Bg7 4. e4 d6 5. Nf3 0-0 6. Be2 e5 7. Be3 Na6 8. Qd2 Ng4 9. Bg5 f6 10. Bh4 h5 11. h3 Nh6 12. Rd1 Nf7 13. 0-0 c6 14. a3 Nc7 15. Bg3 Bh6 16. Qc2 Qe7 17. Rfe1 Kg7 18. b4 Ng5 19. Nxg5 Bxg5 20. d5 Rd8 21. Bd3 Bd7 22. Ne2 Be8 23. f4 Bh6 24. Rf1 b5 25. dxc6 Bxc6 26. cxb5 Bxb5 27. Bxb5 Nxb5 28. Bh4 exf4 29. Nxf4 Bxf4 30. Rxf4 g5 31. Rf5 Rac8 32. Qd2 Nc3 33. Bxg5 Nxe4 34. Bxf6+ Qxf6 35. Qf4 Qe7 36. Rxh5 Nf6 37. Qg5+ Kf7 38. Rf1 Qe5 39. Rh7+ Ke6 40. Rxf6+ Qxf6 41. Rh6 Qxh6 42. Qxh6+ Kd5 43. h4 Kc4 44. Qf4+ Kb3 45. Qe3+ Kb2 46. Qxa7 d5 47. Qd4+ Kxa3 48. b5 Rc4 49. Qf6 Rcc8 50. Qd4 Rc4 51. Qb6 Rcc8 52. Qa5+ Kb3 53. b6 d4 54. b7 Rb8 55. Kf2 d3 56. Ke1 Kc4 57. Kd2 Rg8 58. g4 Rge8 59. Qc7+ Kb5 60. h5 Ka6 61. h6 Rh8 62. g5 Rxb7 63. Qc4+ Rb5 64. Qa4+ Ra5 65. Qc6+ Ka7 66. Qc7+ Ka6 67. Qd6+ Kb7 68. Qe7+ Kc8 69. Qe6+ Kb7 70. Qf7+ Kc8 71. g6 Rd8 72. Qc4+ Kb7 73. h7 Rh5 74. Qe4+ Kb6 75. g7 Rh2+ 76. Kd1 1-0